[Event "Match"]
[Site "www.echecsemail.com"]
[Date "2015.07.20"]
[Round "1"]
[White "Bertel"]
[Black "Gimmyg"]
[WhiteElo "2320"]
[BlackElo "2210"]
[Result "0-1"]
[Round "1"]
1.d4 d6
2.Ng1f3 Nb8d7
3.c4 c5
4.d5 g6
5.Nb1c3 Bf8g7
6.e4 Nd7e5
7.Nf3d2 f5
8.f4 Ne5g4
9.Nd2b3 Bg7xc3
10.bxc3 fxe4
11.Bf1e2 h5
12.h3 Ng4f6
13.Bc1e3 b6
14.a4 a5
15.Nb3d2 Ng8h6
16.g4 hxg4
17.hxg4 Kf7
18.Rh1g1 Bc8xg4
19.Be2xg4 Nh6xg4
20.Rg1xg4 Nf6xg4
21.Qd1xg4 Rh8h1
22.Nd2f1 Qd8c8
23.Qg4xc8 Ra8xc8
24.Ra1a2 Rc8h8
25.Ra2f2 Rh8h3
26.Ke2 Rh3f3
27.Rf2xf3 exf3
28.Kf2 Rh1h3
29.Nf1d2 Rh3h2
30.Kxf3 Rh2h1
{ resign }
0-1

[Event "Match"]
[Site "www.echecsemail.com"]
[Date "2015.07.20"]
[Round "1"]
[White "Norwich"]
[Black "F14"]
[WhiteElo "1670"]
[BlackElo "1860"]
[Result "0-1"]
[Round "1"]
1.d4 Ng8f6
2.c4 g6
3.g3 d5
4.cxd5 Bf8g7
5.Nb1c3 Nf6xd5
6.Bf1g2 e6
7.Nc3xd5 exd5
8.Ng1f3 O-O
9.O-O c6
10.Bc1f4 Nb8d7
11.b4 a6
12.a4 Nd7f6
13.Nf3e5 Rf8e8
14.Ra1b1 Nf6e4
15.Qd1c2 Bc8f5
16.Qc2b2 Ne4d6
17.Rf1d1 Bf5xb1
18.Qb2xb1 Nd6c4
19.Ne5xc4 dxc4
20.d5 cxd5
21.Rd1xd5 Qd8b6
22.a5 Qb6e6
23.e4 Ra8d8
24.h4 c3
25.Qb1c2 Rd8xd5
26.exd5 Qe6e1
27.Kh2 Re8e2
{ resign }
0-1

[Event "Match"]
[Site "www.echecsemail.com"]
[Date "2015.07.20"]
[Round "1"]
[White "F14"]
[Black "Supernovae"]
[WhiteElo "1860"]
[BlackElo "1950"]
[Result "0-1"]
[Round "1"]
1.c4 e5
2.Nb1c3 Ng8f6
3.e3 d5
4.d4 Nb8c6
5.Ng1f3 e4
6.Nf3d2 Bf8b4
7.Qd1c2 O-O
8.Bf1e2 Nc6e7
9.O-O b6
10.a3 Bb4d6
11.cxd5 Ne7xd5
12.Nc3xd5 Nf6xd5
13.Nd2xe4 Bc8f5
14.Be2d3 Bf5xe4
15.Bd3xe4 Bd6e7
16.Be4xd5 Qd8xd5
17.Bc1d2 Be7d6
18.Ra1d1 Qd5h5
19.g3 Ra8e8
20.e4 f5
21.exf5 Rf8xf5
22.Bd2e3 Re8f8
23.b4 Qh5h3
24.f4 Rf8e8
25.Qc2g2 Qh3xg2
 { time }
0-1

[Event "Match"]
[Site "www.echecsemail.com"]
[Date "2015.07.20"]
[Round "1"]
[White "F14"]
[Black "Whitekknight"]
[WhiteElo "1860"]
[BlackElo "1860"]
[Result "0-1"]
[Round "1"]
1.Ng1f3 d5
2.d4 Ng8f6
3.Bc1g5 Nb8d7
4.e3 h6
5.Bg5h4 c6
6.Bh4g3 Nf6h5
7.Bg3e5 Nh5f6
8.Bf1e2 Nd7xe5
9.Nf3xe5 Nf6d7
10.Ne5xd7 Bc8xd7
11.O-O e6
12.c4 b6
13.cxd5 cxd5
14.Nb1c3 Bf8e7
15.Be2d3 O-O
16.Bd3c2 g6
17.Qd1d3 Kh7
18.Nc3e2 a6
19.Ne2f4 Rf8g8
20.Rf1e1 Be7f6
21.e4 Bf6g5
22.Nf4e2 Qd8f8
23.exd5 exd5
24.Ne2g3 Qf8g7
25.Bc2b3 Bd7b5
26.Qd3d1 Ra8d8
27.Re1e5 Bg5f6
28.Re5xd5 Rd8xd5
29.Bb3xd5 Bf6xd4
30.Qd1c2 Bd4xb2
31.Ra1e1 Bb2e5
32.Qc2e4 Be5f6
33.Ng3h5 Qg7h8
34.Nh5xf6 Qh8xf6
35.Qe4e3 Rg8d8
36.Bd5f3 Rd8d3
37.Qe3e4 Qf6b2
38.h3 Qb2xa2
 { time }
0-1

[Event "Match"]
[Site "www.echecsemail.com"]
[Date "2015.07.20"]
[Round "1"]
[White "F14"]
[Black "Maestro"]
[WhiteElo "1860"]
[BlackElo "1900"]
[Result "1-0"]
[Round "1"]
1.Ng1f3 Ng8f6
2.Nb1c3 g6
3.d4 Bf8g7
4.e4 d6
5.Bf1e2 O-O
6.O-O b6
7.Bc1e3 Bc8b7
8.Qd1d2 Nb8d7
9.e5 Nf6e4
10.Nc3xe4 Bb7xe4
11.exd6 exd6
12.Nf3g5 Nd7f6
13.Ng5xe4 Nf6xe4
14.Qd2d3 d5
15.c4 Ne4f6
16.cxd5 Nf6xd5
17.Be3d2 Qd8d6
18.Be2f3 Ra8d8
19.Rf1e1 a5
20.Bf3xd5 Qd6xd5
21.Bd2e3 c5
22.Qd3b5 cxd4
23.Qb5xd5 Rd8xd5
24.Ra1c1 dxe3
25.Re1xe3 Rd5d2
26.Re3b3 Bg7d4
27.h3 Rd2xf2
28.Kh1 Rf2xb2
29.Rb3xb2 Bd4xb2
30.Rc1c2 Bb2d4
31.g4 Rf8e8
32.Rc2d2 Re8e1
33.Kh2 Bd4c5
34.Rd2g2 Bc5d6
{ time. }
1-0

[Event "Match"]
[Site "www.echecsemail.com"]
[Date "2015.07.20"]
[Round "1"]
[White "Gaspard"]
[Black "F14"]
[WhiteElo "1800"]
[BlackElo "1860"]
[Result "1-0"]
[Round "1"]
1.e4 c5
2.c3 d5
3.exd5 Qd8xd5
4.Ng1f3 Bc8g4
5.Bf1e2 Ng8f6
6.O-O e6
7.d4 Nb8c6
8.Bc1e3 cxd4
9.Nf3xd4 Bg4xe2
10.Qd1xe2 Nc6xd4
11.Be3xd4 Bf8e7
12.Rf1d1 O-O
13.Bd4xf6 Qd5c5
14.Bf6xe7 Qc5xe7
15.Nb1d2 Rf8d8
16.Nd2f3 Rd8xd1
17.Ra1xd1 h6
18.a4 a5
19.Qe2b5 Ra8d8
20.Rd1xd8 Qe7xd8
21.h3 b6
22.b4 axb4
23.cxb4 Qd8d1
24.Kh2 Qd1c2
25.Qb5xb6 Qc2xa4
26.Qb6c5 Qa4a8
27.b5 Qa8b8
28.g3 f5
29.b6 f4
30.Qc5c7 fxg3
31.Kxg3 Qb8e8
32.b7 Qe8g6
33.Kh2 { resign }
1-0

[Event "Match"]
[Site "www.echecsemail.com"]
[Date "2015.07.20"]
[Round "1"]
[White "Drdoom"]
[Black "F14"]
[WhiteElo "1660"]
[BlackElo "1860"]
[Result "1-0"]
[Round "1"]
1.e4 c5
2.d4 cxd4
3.Qd1xd4 Nb8c6
4.Qd4d1 d6
5.h3 Qd8c7
6.Nb1c3 Ng8f6
7.Bf1d3 e5
8.a3 Bf8e7
9.Bc1g5 O-O
10.Bg5xf6 Be7xf6
11.Nc3d5 Qc7d8
12.Ng1f3 Bc8e6
13.Nd5xf6 Qd8xf6
14.O-O h6
15.c3 Rf8d8
16.Rf1e1 d5
17.Qd1c2 d4
18.Ra1b1 dxc3
19.bxc3 Rd8d7
20.Rb1d1 Ra8d8
21.Bd3b5 Be6xh3
22.Rd1xd7 Bh3xd7
23.Re1d1 a6
24.Bb5c4 Bd7g4
25.Bc4e2 Bg4xf3
26.Be2xf3 Rd8xd1
27.Bf3xd1 Qf6d6
28.Bd1f3 { resign }
1-0

[Event "Match"]
[Site "www.echecsemail.com"]
[Date "2015.07.20"]
[Round "1"]
[White "Generalfree"]
[Black "Hundegana"]
[WhiteElo "1850"]
[BlackElo "1920"]
[Result "0-1"]
[Round "1"]
1.e4 c5
2.Ng1f3 d6
3.Bf1c4 e6
4.d3 Bf8e7
5.c3 Nb8c6
6.h4 a6
7.Bc1d2 d5
8.exd5 exd5
9.Bc4b3 Ng8f6
10.Bd2f4 O-O
11.d4 c4
12.Bb3c2 Rf8e8
13.Bf4e3 Be7d6
14.Qd1e2 b5
15.Nb1d2 Nf6g4
16.O-O-O Ng4xe3
17.fxe3 Bd6f4
18.Nd2f1 Bf4h6
19.Rh1g1 Ra8a7
20.g4 Bh6f4
21.g5 Ra7e7
22.Nf3d2 Bf4xe3
23.Bc2xh7 Kxh7
24.Qe2h5 Kg8
25.Nf1xe3 Re7xe3
26.g6 fxg6
27.Qh5xg6 Qd8d7
28.Rd1f1 Re3e7
29.h5 Qd7e6
30.Qg6g3 b4
31.Rf1f6 Qe6xf6
32.Nd2f3 Re7e3
33.Rg1f1 Re3xf3
34.Rf1xf3 Qf6h6
{ resign }
0-1

[Event "Match"]
[Site "www.echecsemail.com"]
[Date "2015.07.20"]
[Round "1"]
[White "Llord"]
[Black "Cyrilgeorge"]
[WhiteElo "1730"]
[BlackElo "1780"]
[Result "1-0"]
[Round "1"]
1.e4 e5
2.Ng1f3 Nb8c6
3.Bf1c4 d6
4.d3 Nc6d4
5.O-O Bc8g4
6.Nb1d2 Bg4xf3
7.Nd2xf3 h6
8.c3 Nd4e6
9.d4 Ng8f6
10.Rf1e1 Bf8e7
11.d5 Ne6c5
12.Bc1e3 O-O
13.Be3xc5 dxc5
14.Nf3h4 Nf6d7
15.Nh4f5 Nd7b6
16.Bc4b3 c4
17.Nf5xe7 Qd8xe7
18.Bb3a4 Nb6xa4
19.Qd1xa4 Qe7c5
20.h3 b5
21.Qa4d1 a5
22.a3 Ra8a6
23.b4 axb4
24.axb4 Ra6xa1
25.Qd1xa1 Qc5b6
26.Re1e3 Kh7
27.Re3e2 f6
28.Re2a2 Rf8f7
29.Ra2a6 Qb6b8
30.Qa1d1 Qb8b7
31.Ra6c6 g6
32.Qd1f3 f5
33.exf5 Rf7xf5
34.Qf3g4 Rf5g5
35.Qg4d7 Kg8
36.Qd7d8 Kg7
37.Rc6xc7 Qb7xc7
38.Qd8xc7 Kf6
39.d6 { resign }
1-0

[Event "Match"]
[Site "www.echecsemail.com"]
[Date "2015.07.20"]
[Round "1"]
[White "Gilliere"]
[Black "Cyrilgeorge"]
[WhiteElo "1810"]
[BlackElo "1780"]
[Result "1-0"]
[Round "1"]
1.e4 e5
2.Ng1f3 Nb8c6
3.Bf1b5 Ng8e7
4.d3 Nc6d4
5.Nf3xd4 exd4
6.O-O g6
7.Bc1g5 Bf8g7
8.Nb1d2 c6
9.Bg5xe7 Qd8xe7
10.Bb5c4 O-O
11.Nd2f3 c5
12.a4 a6
13.Qd1d2 d6
14.b4 b6
15.b5 Bc8e6
16.Bc4xe6 Qe7xe6
17.Nf3g5 Qe6f6
18.f4 Bg7h6
19.g3 Qf6g7
20.Rf1f2 Bh6xg5
21.fxg5 a5
22.h3 f6
23.gxf6 Rf8xf6
24.Rf2xf6 Qg7xf6
25.Ra1f1 Qf6e5
26.Qd2f4 Qe5xf4
27.Rf1xf4 Ra8f8
28.Rf4xf8 Kxf8
29.Kf2 Ke7
30.Kf3 Kf6
31.h4 h6
32.g4 g5
33.hxg5 Kxg5
34.Kg3 h5
35.gxh5 Kxh5
36.Kf4 Kg6
37.e5 dxe5
38.Kxe5 Kf7
39.Kd6 Kf6
40.Kc6 { resign }
1-0

[Event "Match"]
[Site "www.echecsemail.com"]
[Date "2015.07.20"]
[Round "1"]
[White "Orae"]
[Black "Pariolinius"]
[WhiteElo "1589"]
[BlackElo "1770"]
[Result "0-1"]
[Round "1"]
1.e4 c5
2.Ng1f3 Nb8c6
3.Bf1c4 e6
4.d3 Qd8c7
5.g3 Bf8d6
6.Nf3g5 Ng8f6
7.b4 b6
8.Bc1b2 Qc7d8
9.Bc4b5 cxb4
10.e5 Nc6xe5
11.a3 a6
12.Bb5c4 Ne5xc4
13.dxc4 O-O
14.Qd1xd6 Bc8b7
15.Rh1g1 h6
16.Ng5h3 bxa3
17.Ra1xa3 Nf6e4
18.Qd6e5 Ne4f6
19.Nb1d2 Ra8c8
20.Bb2d4 d5
21.Ra3b3 dxc4
22.Bd4xb6 Qd8d7
23.Rb3c3 Bb7d5
24.Bb6e3 Nf6g4
25.Qe5f4 e5
26.Qf4f3 Bd5xf3
27.Nd2xf3 Ng4xe3
28.g4 Ne3xg4
29.Rg1g2 e4
30.Nf3d2 Rf8e8
31.Rg2g3 Ng4xh2
32.Rg3g2 Nh2f3
33.Nd2xf3 exf3
34.Kf1 Qd7d1

0-1

[Event "Match"]
[Site "www.echecsemail.com"]
[Date "2015.07.20"]
[Round "1"]
[White "Orae"]
[Black "Bbking"]
[WhiteElo "1589"]
[BlackElo "1480"]
[Result "1-0"]
[Round "1"]
1.e4 e5
2.Ng1f3 Nb8c6
3.Bf1c4 Ng8f6
4.Nf3g5 d5
5.Bc4b3 Nf6xe4
6.Ng5xe4 dxe4
7.Qd1h5 g6
8.Qh5e2 Bc8f5
9.Nb1c3  { time }
1-0

[Event "Match"]
[Site "www.echecsemail.com"]
[Date "2015.07.20"]
[Round "1"]
[White "Drdoom"]
[Black "Orae"]
[WhiteElo "1650"]
[BlackElo "1589"]
[Result "0-1"]
[Round "1"]
1.e4 e5
2.Ng1f3 Nb8c6
3.d4 Bf8b4
4.Bc1d2 Ng8f6
5.Bd2xb4 d6
6.Bb4c3 O-O
7.Qd1d3 d5
8.Nb1d2 Qd8e7
9.Bf1e2 Bc8g4
10.Nf3xe5 Bg4xe2
11.Qd3xe2 Rf8e8
12.Ne5xc6 bxc6
13.f3 dxe4
14.fxe4 c5
15.e5 Ra8d8
16.Nd2f3 cxd4
17.Bc3xd4 c5
18.Bd4c3 h6
19.h3 Nf6d5
20.Kf2 Nd5f4
21.Qe2e3 Nf4d5
22.Qe3e1 Nd5f4
23.Ra1d1 Qe7e6
24.Rd1xd8 Re8xd8
25.Qe1e3 Qe6f5
26.Rh1c1 Nf4d5
27.Qe3xc5 Qf5f4
28.Rc1e1 g5
29.Qc5d4 Qf4f5
30.Qd4d3 Qf5c8
31.Bc3d4 Nd5b4
32.Re1e2 Nb4xd3
{ resign }
0-1

[Event "Match"]
[Site "www.echecsemail.com"]
[Date "2015.07.20"]
[Round "1"]
[White "F14"]
[Black "Caspito"]
[WhiteElo "1860"]
[BlackElo "1820"]
[Result "1/2-1/2"]
[Round "1"]
1.e4 e5
2.Ng1f3 Nb8c6
3.Bf1b5 a6
4.Bb5a4 b5
5.Ba4b3 Bc8b7
6.c3 Ng8h6
7.O-O Nc6a5
8.Bb3c2 Qd8f6
9.d4 d6
10.Bc1g5 Qf6e6
11.d5 Qe6g4
12.h3 Qg4h5
13.Bg5h4 Bb7c8
14.Bh4g3 Bc8xh3
15.gxh3 Qh5xh3
16.Nf3g5 Qh3d7
17.Nb1d2 Bf8e7
18.Qd1h5 Be7xg5
19.Qh5xg5 O-O
20.Nd2f3 Nh6g4
21.Nf3h4 Na5c4
22.b3 Nc4a3
23.Bc2d1 Ng4f6
24.Nh4f5 Nf6e8
25.Bd1g4 Qd7d8
26.Bg3h4 f6
27.Qg5c1 b4
28.cxb4 Na3b5
29.a4 Nb5d4
30.Nf5xd4 exd4
31.f4 Qd8b8
32.Qc1d2 Qb8b6
33.Bh4f2 c5
34.bxc5 dxc5
35.Rf1b1 Ne8d6
36.a5 Qb6c7
37.Bg4f3 Nd6b5
38.Bf3e2 Nb5c3
39.Rb1c1 Nc3xe2
40.Qd2xe2 Qc7xf4
41.Rc1xc5 Qf4e5
42.Ra1c1 f5
43.d6 Qe5xd6
44.Rc5d5 Qd6g6
45.Kf1 fxe4
46.Rd5xd4 Ra8e8
{ draw }
1/2-1/2

[Event "Match"]
[Site "www.echecsemail.com"]
[Date "2015.07.20"]
[Round "1"]
[White "Reanna"]
[Black "F14"]
[WhiteElo "1620"]
[BlackElo "1860"]
[Result "0-1"]
[Round "1"]
1.c4 c5
2.e4 Nb8c6
3.Ng1f3 d6
4.Bf1d3 Ng8f6
5.O-O e6
6.Nb1c3 Bf8e7
7.e5 Nc6xe5
8.Rf1e1 Ne5xf3
9.Qd1xf3 O-O
10.Qf3g3 d5
11.cxd5 exd5
12.Nc3xd5 Nf6xd5
13.b3 Be7f6
14.Ra1b1 Rf8e8
15.Re1e4 Bc8e6
16.Bc1a3 b6
17.h4 Be6f5
18.Re4xe8 Qd8xe8
19.Bd3xf5 Qe8d8
20.h5 Bf6h4
21.Qg3f3 Bh4g5
22.Ba3b2 Bg5f6
23.Bb2xf6 Nd5xf6
24.Bf5g4 Nf6xg4
25.Qf3xg4 Qd8xd2
26.Qg4f3 Ra8d8
27.Qf3f5 h6
28.a4 Qd2d5
29.Qf5g4 Qd5d4
30.Qg4f5 c4
31.bxc4 Qd4xc4
32.a5 bxa5
33.g4 a4
34.Rb1b7 Qc4c1
35.Kh2 Qc1c4
36.Rb7d7 Rd8xd7
37.Qf5xd7 Qc4f4
38.Kg2 a5
39.f3 a3
40.Qd7d8 Kh7
41.Qd8d3 Kg8
42.Qd3xa3 a4
43.Qa3c3 Qf4b8
44.Qc3a5 Qb8b2
45.Kg3 a3
46.Qa5a8 Kh7
47.Qa8e4 Kg8
48.Qe4e8 Kh7
49.Qe8xf7 Qb2e5
50.Kf2 a2
51.Qf7xa2 Qe5h2
{ resign }
0-1

[Event "Match"]
[Site "www.echecsemail.com"]
[Date "2015.07.20"]
[Round "1"]
[White "F14"]
[Black "Pariolinius"]
[WhiteElo "1860"]
[BlackElo "1850"]
[Result "0-1"]
[Round "1"]
1.e4 c5
2.Ng1f3 Nb8c6
3.d4 cxd4
4.Nf3xd4 e5
5.Nd4f3 Ng8f6
6.Nb1c3 Bf8c5
7.Bf1e2 O-O
8.O-O d6
9.Bc1d2 Bc8e6
10.Nc3a4 Nf6xe4
11.Na4xc5 Ne4xc5
12.Nf3g5 Be6f5
13.Bd2e3 h6
14.Ng5f3 Qd8c7
15.b4 Nc6xb4
16.c3 Nb4d5
17.Qd1xd5 Bf5e6
18.Qd5d2 Ra8c8
19.Rf1d1 Rc8d8
20.Qd2c2 d5
21.Be3xc5 Qc7xc5
22.Nf3xe5 Qc5d6
23.Ne5c4 Qd6c5
24.Nc4e3 d4
25.cxd4 Qc5xc2
26.Ne3xc2 Rd8c8
27.Nc2b4 a5
28.Nb4d3 Rc8c2
29.Be2f1 Rf8c8
30.a3 Rc8c3
31.h3 Kf8
32.Rd1c1 Be6b3
33.Rc1xc2 Rc3xc2
34.Nd3c5 Bb3d5
35.a4 b6
36.Nc5d7 Ke7
37.Nd7xb6 Bd5b7
38.d5 Kd6
{ resign }
0-1

[Event "Match"]
[Site "www.echecsemail.com"]
[Date "2015.07.20"]
[Round "1"]
[White "Reanna"]
[Black "Orae"]
[WhiteElo "1600"]
[BlackElo "1589"]
[Result "1/2-1/2"]
[Round "1"]
1.c4 e5
2.Nb1c3 Bf8c5
3.e3 Ng8f6
4.Ng1f3 e4
5.Nf3d4 Bc5xd4
6.exd4 O-O
7.Bf1e2 Rf8e8
8.O-O Nb8c6
9.d5 Nc6e7
10.b3 d6
11.d3 Bc8f5
12.Bc1b2 c6
13.Nc3xe4 Bf5xe4
14.Bb2xf6 gxf6
15.dxe4 Ne7g6
16.Be2h5 Kg7
17.Qd1g4 Re8e5
18.Bh5xg6 Re5g5
19.Qg4h3 Rg5xg6
20.f4 Rg6h6
21.Qh3g3 Kh8
22.f5 Qd8e7
23.Rf1f4 Qe7e5
24.Ra1f1 Qe5d4
25.Kh1 Ra8g8
26.Qg3f3 a5
27.Qf3e2 Rg8g5
28.dxc6 bxc6
29.Rf1d1 Qd4e5
{ draw }
1/2-1/2

[Event "Match"]
[Site "www.echecsemail.com"]
[Date "2015.07.20"]
[Round "1"]
[White "Ketchuplover"]
[Black "F14"]
[WhiteElo "1960"]
[BlackElo "1860"]
[Result "0-1"]
[Round "1"]
1.c4 c5
2.g3 g6
3.Bf1g2 Bf8g7
4.Ng1f3 Ng8f6
5.O-O O-O
6.Nb1c3 Nb8c6
7.b3 d5
8.cxd5 Nf6xd5
9.Bc1b2 Bc8e6
10.e4 Nd5f6
11.Ra1b1 Qd8c7
12.Rf1e1 Rf8d8
13.h3 a5
14.Nf3g5 Be6d7
15.Nc3a4 Nc6d4
16.Bb2xd4 cxd4
17.Rb1c1 Qc7b8
18.Na4b6 Ra8a6
19.Nb6xd7 Rd8xd7
20.d3 h6
21.Ng5f3 Rd7c7
22.Re1e2 Ra6c6
23.Rc1xc6 Rc7xc6
24.Nf3xd4 Rc6c8
25.Re2c2 Rc8xc2
26.Qd1xc2 Nf6d7
27.Nd4e2 Nd7e5
28.f4 Ne5c6
29.a3 Qb8d6
30.b4 axb4
{ resign }
0-1

[Event "Match"]
[Site "www.echecsemail.com"]
[Date "2015.07.20"]
[Round "1"]
[White "Drdoom"]
[Black "Jafarhayder"]
[WhiteElo "1710"]
[BlackElo "1250"]
[Result "1-0"]
[Round "1"]
1.e4 e6
2.d4 d5
3.e5 c5
4.c3 Qd8b6
5.b3 Nb8c6
6.Ng1f3 cxd4
7.Nf3xd4 Nc6xd4
8.cxd4 Bf8b4
9.Nb1d2 Qb6xd4
10.Ra1b1 Qd4xe5
11.Bf1e2 Ng8f6
12.Bc1b2 Bb4xd2
13.Qd1xd2 Qe5e4
14.O-O a6
15.Rf1e1 Qe4g6
16.h3 O-O
17.Be2d3 Nf6e4
18.Bd3xe4 dxe4
19.Qd2b4 f5
20.Kh2 b5
21.Qb4d6  { time }
1-0

[Event "Match"]
[Site "www.echecsemail.com"]
[Date "2015.07.20"]
[Round "1"]
[White "Ditto"]
[Black "Harrytheking"]
[WhiteElo "1820"]
[BlackElo "1780"]
[Result "1-0"]
[Round "1"]
1.d4 b6
2.Ng1f3 d6
3.c4 Bc8b7
4.Nb1c3 Nb8d7
5.Bc1g5 h6
6.Bg5h4 Ng8f6
7.e3 e6
8.Bf1d3 Bf8e7
9.O-O O-O
10.Bd3c2 a6
11.Rf1e1 c5
12.d5 exd5
13.cxd5 b5
14.e4 b4
15.Nc3e2 a5
16.Qd1d3 Nd7e5
17.Nf3xe5 dxe5
18.Bc2b3 Bb7a6
19.Qd3f3 c4
20.Bb3c2 Nf6xe4
21.Qf3xe4 g6
22.Bh4g3 Be7d6
23.Bg3h4 Bd6e7
24.Bh4g3 Be7d6
25.f4 exf4
26.Bg3xf4 Bd6c5
27.Kh1 Rf8e8
28.Qe4f3 g5
29.Bf4g3 Re8e3
30.Qf3h5 Bc5f8
31.Ra1d1 Bf8d6
32.Bg3f2 Re3e5
33.Qh5xh6 Bd6f8
34.Qh6h7 
1-0

[Event "Match"]
[Site "www.echecsemail.com"]
[Date "2015.07.20"]
[Round "1"]
[White "Menace"]
[Black "Markos123"]
[WhiteElo "2270"]
[BlackElo "1880"]
[Result "1-0"]
[Round "1"]
1.d4 d5
2.c4 c6
3.cxd5 cxd5
4.Nb1c3 e6
5.Ng1f3 Bf8d6
6.e4 dxe4
7.Nc3xe4 Bd6b4
8.Bc1d2 a5
9.Bd2xb4 axb4
10.Bf1b5 Nb8c6
11.Nf3e5 Bc8d7
12.Ne4d6 Ke7
13.Nd6xb7 Qd8c7
14.Bb5xc6 Bd7xc6
15.Ra1c1 Ra8a6
16.Nb7c5 Ra6xa2
17.O-O Ra2xb2
18.Nc5d3 Rb2a2
19.Nd3xb4 Ra2a4
20.Nb4xc6 Kd6
21.Qd1xa4 Ng8f6
22.Qa4b4 Kd5
23.Rf1e1 Nf6e4
24.Rc1c5 { resign }
1-0

[Event "Match"]
[Site "www.echecsemail.com"]
[Date "2015.07.20"]
[Round "1"]
[White "Hundegana"]
[Black "Jafarhayder"]
[WhiteElo "1930"]
[BlackElo "1650"]
[Result "1-0"]
[Round "1"]
1.e4 e6
2.e5 d5
3.d4 c5
4.c3 Qd8b6
5.Ng1f3 Nb8c6
6.Bf1e2 Bc8d7
7.O-O Ng8h6
8.h3 Nh6f5
9.g3 cxd4
10.cxd4  { time }
1-0

[Event "Match"]
[Site "www.echecsemail.com"]
[Date "2015.07.20"]
[Round "1"]
[White "Cyrilgeorge"]
[Black "Drdoom"]
[WhiteElo "1780"]
[BlackElo "1660"]
[Result "0-1"]
[Round "1"]
1.e4 e5
2.Ng1f3 d6
3.Bf1c4 Ng8f6
4.O-O Nf6xe4
5.d3 Ne4f6
6.Bc1g5 Bf8e7
7.Bg5xf6 Be7xf6
8.Nb1c3 O-O
9.d4 Nb8c6
10.d5 Nc6e7
11.Nc3e4 Ne7g6
12.Rf1e1 a6
13.b4 b5
14.Bc4d3 Bc8b7
15.c4 c6
16.Ra1c1 Ng6f4
17.Ne4g3 Qd8d7
18.Bd3e4 Ra8c8
19.cxb5 cxb5
20.Be4f5 Qd7e7
21.Rc1xc8 Bb7xc8
22.Bf5xc8 Rf8xc8
23.Ng3f5 Qe7a7
24.Nf5xd6 Rc8d8
25.Nd6e4 Rd8xd5
26.Qd1c2 Qa7b8
27.Ne4c5 Qb8d6
28.g3 Nf4d3
29.Nc5xd3 h6
30.Re1d1 e4
31.Nd3f4 Rd5xd1
32.Kg2 exf3
33.Kxf3 Rd1d2
{ resign }
0-1

[Event "Match"]
[Site "www.echecsemail.com"]
[Date "2015.07.20"]
[Round "1"]
[White "Drharislacan"]
[Black "Coraza"]
[WhiteElo "1699"]
[BlackElo "1789"]
[Result "0-1"]
[Round "1"]
1.Nb1c3 e5
2.h4 Ng8f6
3.e4 Bf8c5
4.Ng1h3 d6
5.g4 Bc8xg4
6.Nh3g5 Bg4xd1
7.Kxd1 Bc5xf2
8.Bf1h3 Bf2xh4
9.Bh3e6 Rh8f8
 { time }
0-1

[Event "Match"]
[Site "www.echecsemail.com"]
[Date "2015.07.20"]
[Round "1"]
[White "Maestro"]
[Black "Raulazo"]
[WhiteElo "1900"]
[BlackElo "1589"]
[Result "0-1"]
[Round "1"]
1.e4 e5
2.Ng1f3 Nb8c6
3.Bf1b5 Bf8c5
4.O-O Nc6d4
5.Nf3xd4 Bc5xd4
6.c3 Bd4c5
7.d4 Bc5d6
8.Bc1g5 Qd8xg5
9.d5 Ng8f6
10.Nb1d2 Nf6h5
11.Nd2f3 Qg5g6
12.Nf3h4 Qg6h6
13.Nh4f5 Qh6g6
14.Nf5xd6 { time. }
0-1

[Event "Match"]
[Site "www.echecsemail.com"]
[Date "2015.07.20"]
[Round "1"]
[White "Faerieking"]
[Black "Oxycontin"]
[WhiteElo "2130"]
[BlackElo "2100"]
[Result "1-0"]
[Round "1"]
1.e4 Ng8f6
2.e5 Nf6d5
3.c4 Nd5b6
4.c5 Nb6d5
5.Nb1c3 c6
6.Bf1c4 e6
7.Nc3e4 b6
8.Ne4d6 Bf8xd6
9.cxd6 O-O
10.Ng1e2 f6
11.d4 fxe5
12.Bc4xd5 cxd5
13.dxe5 Nb8c6
14.f4 Qd8h4
15.g3 Qh4g4
16.O-O Bc8a6
17.Rf1e1 Ba6xe2
18.Qd1xe2 Qg4xe2
19.Re1xe2 Nc6d4
20.Re2f2 Ra8c8
21.Bc1d2 Rc8c2
22.Bd2c3 Rc2xf2
23.Kxf2 Nd4f5
24.Ra1d1 Rf8c8
25.a3 d4
26.Bc3xd4 Nf5xd4
27.Rd1xd4 Rc8c2
28.Kg1 Rc2xb2
29.Rd4c4 Kf7
30.Rc4c7 Ke8
31.Rc7xa7 b5
32.Ra7a8 Kf7
33.Ra8d8 { resign }
1-0

[Event "Match"]
[Site "www.echecsemail.com"]
[Date "2015.07.20"]
[Round "1"]
[White "Swampcat"]
[Black "Farnation"]
[WhiteElo "1530"]
[BlackElo "1050"]
[Result "0-1"]
[Round "1"]
1.e4 e5
2.Ng1f3 f6
3.d4 exd4
4.Nf3xd4 Nb8c6
5.Nb1c3 Bf8c5
6.Bc1e3 Bc5b4
7.Bf1c4 d5
8.exd5 Nc6e5
9.Bc4b5 c6
10.dxc6 bxc6
11.Nd4xc6 Qd8c7
12.Nc6xb4 Bc8d7
13.Nb4d5 Qc7d6
14.Bb5xd7 Qd6xd7
 { time }
0-1

[Event "Match"]
[Site "www.echecsemail.com"]
[Date "2015.07.20"]
[Round "1"]
[White "Oxycontin"]
[Black "Chapi"]
[WhiteElo "2090"]
[BlackElo "2000"]
[Result "0-1"]
[Round "1"]
1.e4 c5
2.Ng1f3 Nb8c6
3.Bf1b5 g6
4.c3 Bf8g7
5.d4 cxd4
6.cxd4 d6
7.Bc1d2 a6
8.Bb5xc6 bxc6
9.Nb1c3 Qd8b6
10.Qd1b3 Ra8b8
11.Qb3xb6 Rb8xb6
12.Ra1b1 Ng8f6
13.O-O O-O
14.e5 dxe5
15.dxe5 Nf6d5
16.Nc3xd5 cxd5
17.Bd2c3 Bc8f5
18.Rb1d1 e6
19.Rf1e1 f6
20.exf6 Bg7xf6
21.Nf3e5 Rf8c8
22.Ne5d7 Bf6xc3
23.Nd7xb6 Rc8c6
24.bxc3 Rc6xb6
25.Rd1d2 Rb6c6
26.Re1e3 Kf7
27.Kf1 Ke7
28.Rd2xd5 Kf6
29.Rd5d2 e5
30.Ke2 e4
31.Rd2d8 Kg5
32.f3 exf3
33.gxf3 Rc6c5
34.Rd8a8 Rc5a5
35.c4 Ra5xa2
36.Ke1 Ra2xh2
37.Ra8xa6 Rh2c2
38.Ra6c6 h5
39.Re3e2 Rc2c3
40.Kf2 Kf4
41.c5 Rc3xf3
42.Ke1 h4
43.Rc6f6 Kg3
44.c6 h3
45.c7 Rf3c3
46.Re2e7 h2
{ resign }
0-1

[Event "Match"]
[Site "www.echecsemail.com"]
[Date "2015.07.20"]
[Round "1"]
[White "Oxycontin"]
[Black "Ketchuplover"]
[WhiteElo "2100"]
[BlackElo "1960"]
[Result "1-0"]
[Round "1"]
1.e4 c5
2.Ng1f3 d6
3.Bf1b5 Bc8d7
4.Bb5xd7 Nb8xd7
5.d4 cxd4
6.Qd1xd4 Ng8f6
7.Nb1c3 e5
8.Qd4d1 Bf8e7
9.O-O O-O
10.Bc1g5 h6
11.Bg5h4 Qd8a5
12.Nf3d2 Ra8c8
13.Nd2b3 Qa5a6
14.Rf1e1 Rf8d8
15.h3 Nd7b6
16.Qd1e2 Qa6xe2
17.Re1xe2 Nb6c4
18.Ra1b1 Nc4xb2
19.Bh4xf6 Be7xf6
20.Nc3d5 Nb2c4
21.Nd5xf6 gxf6
22.f3 d5
23.exd5 Rd8xd5
24.Kf2 a5
25.a4 b5
26.axb5 Rd5xb5
27.Nb3d2 Rb5xb1
28.Nd2xb1 a4
29.c3 Rc8b8
30.Nb1d2 Nc4xd2
31.Re2xd2 a3
32.Rd2d1 Rb8b2
33.Kg3 a2
34.Rd1a1 Rb2c2
35.c4  { time }
1-0

[Event "Match"]
[Site "www.echecsemail.com"]
[Date "2015.07.20"]
[Round "1"]
[White "Gimmyg"]
[Black "Gorgo"]
[WhiteElo "2240"]
[BlackElo "2410"]
[Result "1-0"]
[Round "1"]
1.Ng1f3 d5
2.g3 Ng8f6
3.Bf1g2 c6
4.d3 Bc8g4
5.Nb1d2 Nb8d7
6.c4 e5
7.O-O Bf8d6
8.h3 Bg4e6
9.Nf3g5 O-O
10.Nd2f3 Rf8e8
11.cxd5 cxd5
12.Ng5xe6 fxe6
13.Bc1e3 Nd7b8
14.Ra1c1 Nb8c6
15.Qd1a4 Qd8d7
16.a3 Ra8c8
17.Rc1c2 Qd7f7
18.Rf1c1 a6
19.Nf3g5 Qf7e7
20.Ng5f3 Qe7f7
21.Qa4b3 h6
22.d4 exd4
23.Nf3xd4 Nc6xd4
24.Be3xd4 Rc8xc2
25.Rc1xc2 e5
26.Bd4c3 d4
27.Qb3xf7 Kxf7
28.Bc3a5 Re8b8
29.Rc2c4 Ke6
30.Ba5d2 g5
31.Kf1 Nf6d7
32.e3 b5
33.Rc4c6 Rb8b6
34.Rc6c8 Rb6b8
35.Rc8xb8 Bd6xb8
36.h4 gxh4
37.gxh4 d3
38.h5 Nd7f6
39.Bg2b7 a5
40.Bd2xa5 e4
41.Ke1 Kf5
42.Bb7c6 Bb8e5
43.Bc6xb5 Be5xb2
44.a4 Nf6xh5
45.Ba5b4 Nh5f6
46.a5 Bb2e5
47.a6 Be5b8
48.Bb4c5 h5
49.f3 exf3
50.Bb5xd3 Kg4
51.Kf2 h4
52.a7 Bb8xa7
53.Bc5xa7 h3
54.Ba7b8 Nf6d5
55.Bd3e4 Nd5f6
56.Be4xf3 Kf5
57.Bb8f4 { resign }
1-0

[Event "Match"]
[Site "www.echecsemail.com"]
[Date "2015.07.20"]
[Round "1"]
[White "Farnation"]
[Black "Dielaurendie"]
[WhiteElo "1050"]
[BlackElo "1499"]
[Result "0-1"]
[Round "1"]
1.e4 Ng8f6
2.d4 Nf6xe4
3.Qd1d3 d5
4.c4 Nb8c6
5.cxd5 Qd8xd5
6.f3 Qd5xd4
7.Qd3xd4 Nc6xd4
8.Bf1d3 Bc8f5
9.g4 { time. }
0-1

[Event "Match"]
[Site "www.echecsemail.com"]
[Date "2015.07.20"]
[Round "1"]
[White "Wwgia"]
[Black "F14"]
[WhiteElo "2040"]
[BlackElo "1840"]
[Result "1/2-1/2"]
[Round "1"]
1.d4 Ng8f6
2.c4 g6
3.Nb1c3 d5
4.Ng1f3 c6
5.cxd5 cxd5
6.Bc1f4 Bf8g7
7.e3 O-O
8.b4 Bc8g4
9.Qd1b3 Bg4xf3
10.gxf3 e6
11.Ra1c1 Nb8c6
12.Bf1e2 Nf6h5
13.Bf4g3 a6
14.a4 Nh5xg3
15.hxg3 Qd8e7
16.b5 axb5
17.Nc3xb5 Qe7b4
18.Qb3xb4 Nc6xb4
19.Nb5c3 Ra8c8
20.Kd2 Rc8c7
21.Nc3b5 Rc7xc1
22.Rh1xc1 { draw }
1/2-1/2

[Event "Match"]
[Site "www.echecsemail.com"]
[Date "2015.07.20"]
[Round "1"]
[White "Gorski"]
[Black "Raulazo"]
[WhiteElo "1210"]
[BlackElo "1589"]
[Result "0-1"]
[Round "1"]
1.e4 e5
2.Bf1c4 Ng8f6
3.Nb1c3 Bf8c5
4.Ng1f3 Nf6g4
5.d3 Ng4xf2
6.Qd1e2 Nf2xh1
7.Qe2f1 Nb8c6
8.g4 Nh1f2
9.b4 Bc5d4
10.b5 { time. }
0-1

[Event "Match"]
[Site "www.echecsemail.com"]
[Date "2015.07.20"]
[Round "1"]
[White "Wildtiger"]
[Black "Raulazo"]
[WhiteElo "1620"]
[BlackElo "1589"]
[Result "0-1"]
[Round "1"]
1.e4 e5
2.Ng1f3 Nb8c6
3.Nf3xe5 Nc6xe5
4.d4 Ne5g6
5.Nb1c3 Bf8b4
6.Bc1d2 Bb4xc3
7.Bd2xc3 Qd8e7
8.Qd1f3 Ng6h4
9.Qf3f4 c6
10.d5 Nh4g6
11.Qf4g3 Qe7xe4
12.Bf1e2 f6
13.d6 Ng6f4
14.O-O Nf4xe2
15.Kh1 Ne2xg3
16.fxg3 Qe4d5
17.Ra1d1 Qd5xa2
18.Rf1e1 Kf7
19.Rd1a1 Qa2d5
20.Ra1d1 Qd5f5
21.Re1f1 Qf5xc2
22.g4 h6
23.h4 b5
24.Rd1c1 Qc2e4
25.Bc3e1 Bc8b7
26.Be1g3 c5
27.Rf1f2 Qe4xg4
28.Rf2f4 Qg4xg3
29.Rf4f2 Qg3xf2
{ resign }
0-1